| 000 | 00879cam a22002891 4500 | ||
|---|---|---|---|
| 001 | 75149 | ||
| 003 | BD-RjUL | ||
| 005 | 20211209082643.0 | ||
| 008 | 850531s1965 enkab b 000 0 eng | ||
| 035 | _a(BD-RjUL)75367 | ||
| 040 |
_aDLC/ICU _cICU _dDLC _beng |
||
| 041 | _aeng | ||
| 082 | 0 | 0 | _a581.38 |
| 100 |
_a1976-06-03 _d1902- _eed. _9227383 |
||
| 245 | 0 | 0 |
_aEssays on crop plant evolution. _cEdited by Joseph Hutchinson. |
| 260 |
_aCambridge, _bUniversity Press, _c1965. |
||
| 300 |
_avii, 204 p. _billus., maps. _c23 cm. |
||
| 504 | _aBibliography: p. [182]-194. | ||
| 650 | 0 |
_aPlant hybridization. _9227384 |
|
| 650 | 0 |
_aPlant breeding. _9227385 |
|
| 650 | 0 |
_aPlants, Cultivated. _9227386 |
|
| 700 |
_a Hutchinson, Joseph _d1902- _9227388 |
||
| 906 |
_a7 _bcbc _corignew _du _eocip _f19 _gy-gencatlg |
||
| 942 |
_2ddc _cBK |
||
| 999 |
_c75149 _d75149 |
||